Statistiques concernant 200 personnages Harry Potter

Cliquez ici pour prendre le quiz!

Statistiques générales

  • Ce quiz a été pris 9 945 fois
    (9 724 depuis la dernière actualisation)
  • Le résultat moyen est 94 sur 199

Statistiques - réponses

HintRéponse% Correct
18.956Harry Potter
99%
5.486Hermione Granger
98%
6.464Ron Weasley
98%
2.421Albus Dumbledore
94%
27Albus Severus Potter
94%
920Fred Weasley
91%
1.956Severus Rogue
91%
821George Weasley
90%
771Ginny Weasley
90%
770Minerva Mcgonagall
90%
1.471Sirius Black
89%
1.198Drago Malefoy
88%
190James Potter
88%
14James Sirius Potter
88%
127Lily Potter
88%
356Luna Lovegood
88%
722Molly Weasley
88%
2.024Rubeus Hagrid
88%
1.797Voldemort
88%
780Arthur Weasley
87%
810Neville Londubat
87%
302Bill Weasley
86%
249Lucius Malefoy
85%
864Remus Lupin
85%
220Bellatrix Lestrange
84%
258Fleur Delacour
84%
426Percy Weasley
84%
110Charlie Weasley
83%
215Cho Chang
82%
469Dobby
82%
89Narcissa Malefoy
82%
353Cedric Diggory
80%
637Dolores Ombrage
80%
486Peter Pettigrow
80%
467Dudley Dursley
77%
204Hedwige
77%
583Alastor Maugrey
76%
314Petunia Dursley
76%
179Seamus Finnigan
76%
277Viktor Krum
76%
212Dean Thomas
75%
63Godric Gryffondor
75%
242Nymphadora Tonks
75%
28Rowena Serdaigle
75%
70Salazar Serpentard
75%
530Vernon Dursley
75%
14Helga poufsouffle
72%
116Katie Bell
72%
90Pomona Chourave
72%
140Filius Flitwick
71%
228Gregory Goyle
71%
224Vincent Crabbe
71%
262Gilderoy Lockhart
70%
136Buck
69%
165Igor Karkaroff
68%
123Nick Quasi-sans-tête
68%
141Lavande Brown
67%
133Parvati Patil
67%
162Pattenrond
67%
23Padma Patil
66%
124Xenophilius Lovegood
66%
36Barty Croupton jr
65%
493Cornelius Fudge
65%
432Horace Slughorn
65%
122Quirinus Quirell
64%
24Tom
64%
18Tom Jedusor sr
64%
119Mimi Geignarde
63%
208Olivier Dubois
63%
112Olympe Maxime
63%
79Abelforth Dumbledore
62%
135Angelina Johnson
62%
288Argus Rusard
62%
30Nagini
62%
68Pansy Parkinson
61%
262Sibylle Trelawney
61%
76Amos Diggory
60%
77Colin Crivey
57%
156Poppy Pomfresh
57%
164Peeves
56%
106Kingsley Shacklebolt
55%
53Renée Bibine
55%
295Barty Croupton sr
54%
102Fenrir Greyback
54%
109Lee Jordan
54%
24Baron Sanglant
53%
312Kreattur
53%
75Firenze
52%
73Marge Dursley
52%
188Rita Skeeter
52%
50Ariana Dumbledore
51%
72Grosse Dame
51%
77Bathilda Tourdesac
50%
117Garrick Ollivander
50%
73Gellert Grindelwald
50%
15Gabrielle Delacour
48%
162Winky
48%
16Alecto Carrow
47%
49Aragog
47%
54Regulus Black
47%
153Rufus Scrimgeour
47%
23Amycus Carrow
46%
75Graup
46%
36Norbert
46%
73Cormac Mclaggen
45%
147Mondingus Fletcher
45%
68Elvis Gaunt
44%
39Ted Tonks
44%
47Blaise Zabini
43%
59Miss Teigne
43%
105Crockdur
41%
64Fumseck
41%
85Stan Rocade
41%
34Antonin Dolohov
40%
34Ernie Danlmur
40%
92Ernie Macmillan
40%
26Hannah Abbot
40%
27Touffu
39%
58Alicia Spinnet
38%
62Elphias Doge
38%
140Gripsec
38%
55Arabella Figg
37%
63Frank Bryce
37%
50Justin Flinch-Fletcher
37%
63Morfin Gaunt
36%
89Phineas Black
36%
48Cuthbert Binns
35%
60Coquecigrue
34%
20Pius Thicknesse
34%
246Ludo Verpey
33%
32Merope Gaunt
32%
12Augusta Londubat
31%
40Marcus Flint
31%
17Dennis Crivey
30%
26Errol
29%
30Bane
28%
31Nicolas Flamel
28%
19Irma Pince
27%
14Marcus Belby
27%
18Trevor
27%
56Yaxley
26%
35Amelia Bones
25%
22Kendra Dumbledore
25%
49Rosmerta
25%
18Romilda Vane
24%
57Wilhelmina Gobe-planche
24%
48Zacharias Smith
24%
56Tante Muriel
23%
17Millicent Bulstrode
22%
51Mr Barjow
22%
19Albert Runcorn
21%
27Dedalus Diggle
20%
48Marietta Edgecombe
20%
31Mary Cattermole
19%
26Michael Corner
19%
27Hepzibah Smith
18%
25Augustus Rookwood
17%
21Armando Dippet
16%
42Bertha Jorkins
16%
68Bob Ogden
16%
49Gregorovitch
16%
23Reginal Cattermole
16%
23Sir Catogan
15%
19Hokey
14%
19John Dawlish
14%
25Madame Guipure
14%
30Roger Davies
14%
27Walden Macnair
14%
13Avery
13%
16Piers Polkiss
13%
14Terry Boot
13%
16Hestia Jones
12%
15Walburga Black
12%
18Magorian
11%
16Demelza Robins
10%
23Sturgis Podmore
10%
15Bogrod
9%
13Jimmy Peakes
9%
23Ronan
9%
41Travers
9%
13Caractacus Beurk
8%
20Leanne
8%
33Montague
8%
17Scabior
8%
13Adrian Pucey
7%
17Beedle le Bard
7%
23Dirk Creeswell
7%
18Griselda Marchbanks
7%
12Troy
7%
26Broderick Bode
5%
22Cassius Warrington
5%
16Moran
5%
21Mrs Cole
5%
13Wilkie Twycross
5%
16Aidan Lynch
4%
13Hassan Mostafa
4%
13Karkus
4%
20Mr Roberts
4%
13Professeur Tofty
4%

Distribution des résultats

Percentile par nombre de réponses

% des personnes avec chaque résultat

Votre développement - résultats

Vous n’avez pas pris ce quiz depuis la dernière actualisation